| 000 | 00975nam a22002177a 4500 | ||
|---|---|---|---|
| 008 | 251112b |||||||| |||| 00| 0 eng d | ||
| 020 | _a9783836584173 | ||
| 040 | _ctbs | ||
| 050 |
_aG439 _b.N48 2020 |
||
| 245 |
_aThe New York Times Explorer _b: 100 trips around the world _c/ edited by Barbara Ireland. |
||
| 246 | _aNYT explorer: 100 trips around the world | ||
| 246 | _aOne hundred trips around the world | ||
| 260 |
_aCologne : _bTaschen, _c2020. |
||
| 520 | _aWhether it's a culinary adventure in Mexico City, a meditative train ride through Siberia, or a solo trip to Paris, get your bucket lists ready with the discoveries of Explorer, a collection of 100 dream destinations from the Travel pages of The New York Times. | ||
| 650 | 0 |
_aVoyages and travels _vPictorial works _926502 |
|
| 650 | 0 |
_aTravel _vGuidebooks _926326 |
|
| 655 | 0 |
_aIllustrated works _924413 |
|
| 655 | 0 |
_aTravel guidebooks _922406 |
|
| 700 |
_aIreland, Barbara _926327 _eeditor |
||
| 942 | _2lcc | ||
| 999 |
_c5179 _d5179 |
||